00792nas a2200229Ia 4500001001100000003000900011008004100020040001300061040001300074041001300087100004600100210001100146222001100157245010800168250001100276260002600287501008600313300001700399362002600416500008400442650003600526R008/F5224IT-RoPAU151124c99999999xx |||||||||||| ||und|| aIT-RoPAU cIT-RoPAU aITALIANO aBernardi SandrogCodice Aut. SPICS: 9276 aGARAGE aGarage aGARAGE, ANNO 05-N.12 (1998)bPiccolo Teatro di Kubrick (Il), Ovvero Messe In Scena Nella Messa In Scena a1a ed. aTORINObPARAVIAc1998 bPaulus - SPICS - Società San Paolo EM (non-commercial uses only)cCopyright2015 a6 p. [41-46] aANNO 005, N.12 (1998) aAnalisi della Doppia Struttura Narrativa dei Film di Kubrick: Momento Teatrale. aCINEMAvPUBBLICAZIONE PERIODICA